000 02698cam a22011894i 4500
003 PE-LiUPU
005 20250813185323.0
008 160304s2013 ag ad rb 000 0 spa d
020 _a9875383821
020 _a9789875383821
035 _a(Sirsi) a156388
040 _aPE-LiUPU
_bspa
_cPE-LiUPU
_erda
082 0 4 _a361.3
_bN63
100 1 _aNirenberg, Olga,
_eautor.
245 1 0 _aFormulación y evaluación de intervenciones sociales :
_bpolíticas - planes - programas - proyectos /
_cOlga Nirenberg.
250 _a1a edición.
264 1 _aBuenos Aires :
_bNoveduc,
_c2013.
300 _a400 páginas :
_bilustraciones ;
_c23 centímetros
336 _atext
_2rdacontent
337 _aunmediated
_2rdamedia
338 _avolume
_2rdacarrier
504 _aBibliografía al final de cada capítulo.
526 _aP202
526 _aP201
526 _aP163
526 _aP162
526 _aP161
526 _aP160
526 _aP148
526 _aP147
526 _aP146
526 _aP145
526 _aP144
526 _aP143
526 _aP142
526 _aP141
526 _aP140
526 _aP139
526 _aP138
526 _aP137
526 _aP136
526 _aP135
526 _aP134
526 _aP133
526 _aP129
526 _aP128
526 _aP127
526 _aP120
526 _aP119
526 _aP118
526 _aP116
526 _aP115
526 _aP114
526 _aP110
526 _aP109
526 _aP108
526 _aP104
526 _aP103
526 _aP102
526 _aP99
526 _aP98
526 _aP97
526 _aP96
526 _aP95
526 _aP93
526 _aP90
526 _aP89
526 _aP88
526 _aP83
526 _aP82
526 _aP62
526 _aP59
526 _aP58
526 _aP57
526 _aP51
526 _aP49
526 _aP48
526 _aP47
526 _aP29
526 _aP24
526 _aP20
526 _aP19
526 _aP17
526 _aP15
526 _aP14
526 _aP12
526 _aP10
526 _aP09
526 _aP08
526 _aP07
526 _aP06
526 _aP05
526 _aP04
526 _aP01
650 0 4 _aTrabajo social.
650 0 4 _aPolítica social.
650 0 4 _aProyectos sociales
_xEvaluación.
596 _a1
942 _2ddc
_cBOOK
999 _a361.3 N63
_wDEWEY
_c9069
_i72763
_d9069
_e2017-8-31
_f2021-11-9
_g7
_lCCODEBUL1
_mBUL
_n2
_p78.00
_q1
_r0
_sY
_tBOOK
_u2016-3-4
_xINGENIERIA
_PP69
_0COMPRA
_o.STAFF. Posgrado
980 _81
_gALBERTO SANCHEZ Responsable de Automatización